| 000 | 00535nam a2200217Ia 4500 | ||
|---|---|---|---|
| 003 | OSt | ||
| 005 | 20251211102020.0 | ||
| 008 | 210707s1983 xx 000 0 und d | ||
| 040 | _cAL | ||
| 041 | _aKannada | ||
| 082 | _a920K PRAJ | ||
| 100 |
_aPRABHUSHANKARA _dಪ್ರಭುಶಂಕರ _9248800 |
||
| 245 |
_aJana-mana _bಜನ-ಮನ. |
||
| 250 | _a2 | ||
| 260 |
_aBengaluru. _bVishwa Kannada Sammelana., _c1983 |
||
| 300 | _a162 p | ||
| 365 |
_b2 _cINR |
||
| 563 | _aPB | ||
| 650 |
_aBiography _9248801 |
||
| 942 |
_2ddc _cBK |
||
| 999 |
_c180198 _d180198 |
||